Rules under the workermen's compenstion act. (Record no. 496161)

000 -LEADER
fixed length control field 00273cam a22000977a 4500
008 - FIXED-LENGTH DATA ELEMENTS--GENERAL INFORMATION
fixed length control field 180718b1959 xxu||||| |||| 00| 0 eng d
082 ## - DEWEY DECIMAL CLASSIFICATION NUMBER
Classification number R6603x5452 M267r
245 ## - TITLE STATEMENT
Title Rules under the workermen's compenstion act.
260 ## - PUBLICATION, DISTRIBUTION, ETC.
Place of publication, distribution, etc. Madras
Name of publisher, distributor, etc. Government of Madras
Date of publication, distribution, etc. 1959
300 ## - PHYSICAL DESCRIPTION
Extent 8p
Holdings
Withdrawn status Lost status Damaged status Not for loan Permanent Location Current Location Date acquired Full call number Barcode Date last seen Price effective from Koha item type
        Indian Institute of Public Administration Indian Institute of Public Administration 2018-08-04 R6603x5452 M267r G588 2018-08-04 2018-08-04 G

Powered by Koha